000 00352nam a2200133 a 4500
005 20140513081055.0
008 051116s19uu xx 00 eng d
050 _aVCD
_bCa357 2001
245 _aCats and dogs:
_bthings are gonna get hairy.
260 _bWarner Bros,
_c2001.
500 _a2 discs
650 _aCats-detective-fiction.
999 _c116450
_d116450